[Event "NATO-ch 33rd"]
[Site "Portoroz"]
[Date "2023.09.08"]
[Round "7"]
[White "Cheung, Jan W"]
[Black "Farrell, John F"]
[Result "1/2-1/2"]
[WhiteElo "2050"]
[BlackElo "1849"]
[PlyCount "60"]
[EventDate "2023.09.04"]
[EventType "swiss"]
[EventRounds "7"]
[EventCountry "SLO"]
[SourceTitle "EXT 2024"]
[Source "ChessBase"]
[SourceDate "2023.10.10"]
[SourceVersion "1"]
[SourceVersionDate "2023.10.10"]
[SourceQuality "1"]

1. d4 d5 2. c4 dxc4 3. e4 e5 4. Nf3 exd4 5. Bxc4 Bb4+ 6. Nbd2 Nc6 7. 0-0 Qe7 8. a3 Bxd2 9. Bxd2 Be6 10. Bb5 Bd7 11. Bxc6 Bxc6 12. Bb4 Qf6 13. Qxd4 Rd8 14. Qxa7 Ne7 15. Qe3 h6 16. Rad1 Rxd1 17. Rxd1 0-0 18. Re1 Re8 19. Bc3 Qd6 20. Be5 Qg6 21. Qf4 Rc8 22. Nd4 Bd7 23. Bxc7 Bh3 24. g3 Nc6 25. Nf3 Qe6 26. Be5 Nxe5 27. Qxe5 Qb3 28. Nh4 Rc2 29. Nf5 Qxb2 30. Qxb2 Rxb2 1/2-1/2

[Event "NATO-ch 33rd"]
[Site "Portoroz"]
[Date "2023.09.05"]
[Round "3"]
[White "Cheung, Jan W"]
[Black "Unruh, Charles M"]
[Result "0-1"]
[WhiteElo "2050"]
[BlackElo "1830"]
[PlyCount "66"]
[EventDate "2023.09.04"]
[EventType "swiss"]
[EventRounds "7"]
[EventCountry "SLO"]
[SourceTitle "EXT 2024"]
[Source "ChessBase"]
[SourceDate "2023.10.10"]
[SourceVersion "1"]
[SourceVersionDate "2023.10.10"]
[SourceQuality "1"]

1. d4 Nf6 2. c4 c5 3. d5 b5 4. cxb5 a6 5. f3 axb5 6. e4 d6 7. Bxb5+ Bd7 8. Bc4 g6 9. Nc3 Bg7 10. Nge2 0-0 11. 0-0 Na6 12. Be3 Qb6 13. Rb1 Rfb8 14. b3 Nb4 15. a4 e6 16. dxe6 Bxe6 17. Bxe6 fxe6 18. Kh1 d5 19. exd5 Nfxd5 20. Nxd5 exd5 21. Nf4 d4 22. Bd2 Qd6 23. Bxb4 Rxb4 24. Nd3 Rb7 25. Qc2 Rc7 26. Nb2 Rf8 27. Nd3 Bh6 28. Qc4+ Kg7 29. b4 Be3 30. bxc5 Qe7 31. a5 Rf5 32. a6 Rh5 33. Rb7 Rxh2+ 0-1

[Event "NATO-ch 32nd"]
[Site "Tartu"]
[Date "2022.06.30"]
[Round "5"]
[White "Pavlidou, Ekaterini"]
[Black "Cheung, Jan W"]
[Result "1-0"]
[WhiteElo "2146"]
[BlackElo "1964"]
[PlyCount "53"]
[EventDate "2022.06.27"]
[EventType "swiss"]
[EventRounds "7"]
[EventCountry "EST"]
[SourceTitle "CBM 209 Extra"]
[Source "ChessBase"]
[SourceDate "2022.09.30"]
[SourceVersion "1"]
[SourceVersionDate "2022.09.30"]
[SourceQuality "1"]

1. d4 Nf6 2. c4 e6 3. Nc3 Bb4 4. e3 0-0 5. Nf3 d5 6. Bd2 b6 7. Rc1 Bb7 8. cxd5 exd5 9. Bd3 a6 10. 0-0 Nbd7 11. Ne5 Bd6 12. f4 Ne4 13. Nxe4 dxe4 14. Bc4 Nf6 15. Be1 Bd5 16. Bh4 Be7 17. Bxd5 Qxd5 18. Rxc7 Bd6 19. Rc3 Qxa2 20. Bxf6 gxf6 21. Nd7 Rfd8 22. Nxf6+ Kg7 23. Nxe4 Qxb2 24. Rb3 Qa2 25. Qg4+ Kh8 26. Rxb6 Rg8 27. Ng5 1-0

[Event "NATO-ch 32nd"]
[Site "Tartu"]
[Date "2022.06.27"]
[Round "1"]
[White "Cheung, Jan W"]
[Black "Windey, Luc"]
[Result "1-0"]
[WhiteElo "1964"]
[BlackElo "1624"]
[PlyCount "57"]
[EventDate "2022.06.27"]
[EventType "swiss"]
[EventRounds "7"]
[EventCountry "EST"]
[SourceTitle "EXT 2023"]
[Source "ChessBase"]
[SourceDate "2022.10.05"]
[SourceVersion "1"]
[SourceVersionDate "2022.10.05"]
[SourceQuality "1"]

1. d4 d5 2. c4 dxc4 3. e4 c6 4. Bxc4 Nf6 5. Nc3 g6 6. Nge2 Bg7 7. 0-0 0-0 8. f3 Nbd7 9. e5 Ne8 10. f4 Nb6 11. Bb3 Nc7 12. Ng3 Ncd5 13. f5 a5 14. a3 Nxc3 15. bxc3 a4 16. Ba2 Nd5 17. Bd2 b5 18. Qc2 Qb6 19. Kh1 Rd8 20. e6 Bf6 21. Rae1 Ra7 22. Bb1 g5 23. Ne4 h6 24. Qd1 fxe6 25. fxe6 Bg7 26. Qh5 Bxe6 27. Nxg5 Nf6 28. Rxf6 exf6 29. Nxe6 1-0

[Event "NATO-ch 30th"]
[Site "Berlin"]
[Date "2019.09.20"]
[Round "7.27"]
[White "De Cat, Ben"]
[Black "Cheung, Jan W"]
[Result "0-1"]
[WhiteElo "1891"]
[BlackElo "2015"]
[PlyCount "49"]
[EventDate "2019.09.14"]
[EventType "team-swiss"]
[EventRounds "7"]
[EventCountry "GER"]
[SourceTitle "EXT 2020"]
[Source "ChessBase"]
[SourceDate "2019.10.17"]
[SourceVersion "1"]
[SourceVersionDate "2019.10.17"]
[SourceQuality "1"]
[WhiteTeam "Belgium"]
[BlackTeam "Netherlands"]
[WhiteTeamCountry "BEL"]
[BlackTeamCountry "NED"]

1. d4 Nf6 2. Nc3 g6 3. Bf4 d5 4. e3 Bg7 5. Nf3 0-0 6. Be2 b6 7. Nb5 Na6 8. Ne5 Bb7 9. 0-0 c6 10. Na3 Nc7 11. c3 Ne6 12. Bg3 Ne4 13. Nc2 c5 14. f3 Nxg3 15. hxg3 f6 16. Nd3 cxd4 17. Nxd4 Nxd4 18. exd4 e5 19. Nf2 Qd6 20. dxe5 fxe5 21. Ne4 Qe7 22. Nd2 Bh6 23. Nb3 Be3+ 24. Kh2 Qg5 25. Qxd5+ 0-1

[Event "NATO-ch 30th"]
[Site "Berlin"]
[Date "2019.09.18"]
[Round "4.33"]
[White "Cheung, Jan W"]
[Black "Sarnovska, Eira"]
[Result "1-0"]
[WhiteElo "2015"]
[BlackElo "1669"]
[PlyCount "57"]
[EventDate "2019.09.14"]
[EventType "team-swiss"]
[EventRounds "7"]
[EventCountry "GER"]
[SourceTitle "EXT 2020"]
[Source "ChessBase"]
[SourceDate "2019.10.17"]
[SourceVersion "1"]
[SourceVersionDate "2019.10.17"]
[SourceQuality "1"]
[WhiteTeam "Netherlands"]
[BlackTeam "Latvia"]
[WhiteTeamCountry "NED"]
[BlackTeamCountry "LAT"]

1. d4 d5 2. c4 c6 3. Nf3 Nf6 4. Nc3 a6 5. c5 b6 6. cxb6 Qxb6 7. Na4 Qd8 8. Bd2 Nbd7 9. Rc1 Bb7 10. e3 e6 11. Bd3 Bd6 12. Qc2 a5 13. 0-0 0-0 14. a3 Qe7 15. Rfe1 Rfc8 16. Nc5 Bxc5 17. dxc5 Ba6 18. Bxa6 Rxa6 19. Nd4 Ne4 20. b4 axb4 21. Bxb4 Rca8 22. f3 Nef6 23. e4 dxe4 24. fxe4 Ng4 25. h3 Nge5 26. Qe2 Qh4 27. Red1 Nf6 28. Qxa6 Rd8 29. Nf5 1-0

[Event "NATO-ch 29th"]
[Site "Lubbock"]
[Date "2018.06.07"]
[Round "6"]
[White "Cheung, Jan W"]
[Black "Middaugh, Jon S"]
[Result "1/2-1/2"]
[WhiteElo "2043"]
[BlackElo "1918"]
[PlyCount "46"]
[EventDate "2018.06.04"]
[EventType "swiss"]
[EventRounds "7"]
[EventCountry "USA"]
[SourceTitle "EXT 2019"]
[Source "ChessBase"]
[SourceDate "2018.10.10"]
[SourceVersion "1"]
[SourceVersionDate "2018.10.10"]
[SourceQuality "1"]

1. d4 Nf6 2. c4 e6 3. Nf3 d5 4. g3 c6 5. Bg2 Be7 6. 0-0 0-0 7. Qc2 Nbd7 8. Nbd2 Re8 9. Rd1 Qc7 10. b3 b6 11. Bb2 Bb7 12. Rac1 Rac8 13. e4 dxe4 14. Nxe4 Nxe4 15. Qxe4 c5 16. Qe2 Bf6 17. dxc5 bxc5 18. Bxf6 Nxf6 19. Ne5 Bxg2 20. Kxg2 Red8 21. Qe3 h6 22. f3 Qa5 23. Qe2 Qc7 1/2-1/2

[Event "NATO-ch 27th"]
[Site "Shrivenham"]
[Date "2016.08.23"]
[Round "3"]
[White "Rosseel, Kimball"]
[Black "Cheung, Jan W"]
[Result "0-1"]
[WhiteElo "1829"]
[BlackElo "2059"]
[PlyCount "124"]
[EventDate "2016.08.22"]
[EventType "swiss"]
[EventRounds "7"]
[EventCountry "ENG"]
[SourceTitle "EXT 2018"]
[Source "ChessBase"]
[SourceDate "2017.10.13"]
[SourceVersion "1"]
[SourceVersionDate "2017.10.13"]
[SourceQuality "1"]

1. d4 Nf6 2. Nf3 g6 3. g3 Bg7 4. Bg2 0-0 5. 0-0 d5 6. c4 dxc4 7. Na3 c3 8. bxc3 c5 9. Bb2 Nc6 10. Re1 Qa5 11. Nc4 Qa6 12. Nfe5 Nxe5 13. Nxe5 Ng4 14. Nxg4 Bxg4 15. h3 Bd7 16. e4 cxd4 17. cxd4 Rac8 18. Qd2 Qa4 19. Bc3 Rxc3 20. Qxc3 Bxd4 21. Qb3 Bxa1 22. Rxa1 Bc6 23. Qxa4 Bxa4 24. Rb1 Bc6 25. e5 Bxg2 26. Kxg2 Rb8 27. Kf3 Kf8 28. Ke4 Ke8 29. f4 e6 30. a4 b6 31. Rb3 Kd7 32. Kd4 Kc6 33. Rc3+ Kb7 34. Rc4 Rc8 35. Rb4 Rc5 36. Kd3 Kc6 37. Kd4 a6 38. Kd3 b5 39. Kd4 Rc1 40. axb5+ axb5 41. Rb3 Rc4+ 42. Kd3 h5 43. h4 Kb6 44. Rb1 Ra4 45. Rb3 Kc5 46. Rc3+ Rc4 47. Ra3 Ra4 48. Rc3+ Kd5 49. Rc7 Ra3+ 50. Kc2 Rxg3 51. Rxf7 b4 52. Rd7+ Ke4 53. Re7 Kxf4 54. Rxe6 Kf5 55. Rb6 b3+ 56. Kb2 Kxe5 57. Rb4 Kf5 58. Rc4 Rg4 59. Rc5+ Kf6 60. Kxb3 Rxh4 61. Kc3 Re4 62. Kd3 Re5 0-1

[Event "Hilversum op"]
[Site "Hilversum"]
[Date "2016.06.17"]
[Round "2"]
[White "Brink, Barry"]
[Black "Cheung, Jan W"]
[Result "1/2-1/2"]
[WhiteElo "2324"]
[BlackElo "2043"]
[PlyCount "59"]
[EventDate "2016.06.17"]
[EventType "swiss"]
[EventRounds "6"]
[EventCountry "NED"]
[SourceTitle "CBM 173 Extra"]
[Source "ChessBase"]
[SourceDate "2016.08.29"]
[SourceVersion "1"]
[SourceVersionDate "2016.08.29"]
[SourceQuality "1"]

1. d4 Nf6 2. c4 e6 3. Nc3 Bb4 4. e3 0-0 5. Bd3 d5 6. Nf3 c5 7. 0-0 cxd4 8. exd4 dxc4 9. Bxc4 Bxc3 10. bxc3 Qc7 11. Qd3 b6 12. Bg5 Nbd7 13. Rfe1 Bb7 14. Bb3 Rac8 15. Rac1 Qd6 16. Rcd1 Qc7 17. Rc1 Rfe8 18. Bxf6 Nxf6 19. Ne5 a6 20. Re3 b5 21. Rce1 Bd5 22. Rg3 Qe7 23. Qb1 Rc7 24. a4 bxa4 25. Bxa4 Rec8 26. Qc2 Qd6 27. Rge3 Qf8 28. f3 Qd6 29. Rd1 g6 30. Kf2 1/2-1/2

[Event "NATO-ch 25th"]
[Site "Quebec"]
[Date "2014.09.12"]
[Round "7"]
[White "Cheung, Jan W"]
[Black "Bielawski, Michal"]
[Result "1/2-1/2"]
[WhiteElo "2087"]
[BlackElo "2051"]
[PlyCount "121"]
[EventDate "2014.09.08"]
[EventType "team-swiss"]
[EventRounds "7"]
[EventCountry "CAN"]
[SourceTitle "EXT 2015"]
[Source "ChessBase"]
[SourceDate "2014.11.20"]
[SourceVersion "1"]
[SourceVersionDate "2014.11.20"]
[SourceQuality "1"]
[WhiteTeam "Netherlands"]
[BlackTeam "Poland"]
[WhiteTeamCountry "NED"]
[BlackTeamCountry "POL"]

1. d4 Nf6 2. c4 g6 3. Nc3 d5 4. Nf3 Bg7 5. Qb3 c6 6. cxd5 Nxd5 7. e4 Nxc3 8. bxc3 0-0 9. Ba3 Qc7 10. Bc4 b5 11. Be2 Re8 12. 0-0 Nd7 13. Ng5 e6 14. d5 cxd5 15. exd5 Qe5 16. dxe6 fxe6 17. Bf3 Rb8 18. Nxe6 Kh8 19. Nxg7 Kxg7 20. Rad1 Rb6 21. Qb4 Nf6 22. h3 Bb7 23. Bxb7 Rxb7 24. Bb2 Qe4 25. Rd4 Qc6 26. Rfd1 Re4 27. Ba3 Rf7 28. Qc5 Qxc5 29. Bxc5 Re2 30. R4d2 Rxd2 31. Rxd2 Rc7 32. Bd4 Kf7 33. Bxf6 Kxf6 34. Rd5 Rxc3 35. Rxb5 Rc1+ 36. Kh2 Rc2 37. Ra5 Rxf2 38. Rxa7 h5 39. Kg3 Rc2 40. Ra6+ Kf5 41. Ra5+ Kf6 42. h4 Rc3+ 43. Kh2 Rc2 44. a4 Rc3 45. g3 Ra3 46. Kg2 Kf7 47. Ra6 Kg7 48. Kf2 Kf7 49. a5 Kg7 50. Ra7+ Kf6 51. a6 Kf5 52. Ra8 Kg4 53. a7 Ra2+ 54. Kf1 Kxg3 55. Rg8 Rxa7 56. Rxg6+ Kxh4 57. Kg2 Ra2+ 58. Kg1 Kh3 59. Rf6 h4 60. Rf3+ Kg4 61. Rb3 1/2-1/2

[Event "NATO-ch 24th"]
[Site "Rynia"]
[Date "2013.08.14"]
[Round "4"]
[White "De Cat, Ben"]
[Black "Cheung, Jan W"]
[Result "1/2-1/2"]
[WhiteElo "1914"]
[BlackElo "2093"]
[PlyCount "38"]
[EventDate "2013.08.12"]
[EventType "swiss"]
[EventRounds "7"]
[EventCountry "POL"]
[SourceTitle "CBM 156 Extra"]
[Source "ChessBase"]
[SourceDate "2013.10.22"]
[SourceVersion "1"]
[SourceVersionDate "2013.10.22"]
[SourceQuality "1"]

1. b4 e5 2. Bb2 Bxb4 3. Bxe5 Nf6 4. Nf3 0-0 5. e3 Re8 6. Be2 Nc6 7. Bb2 d5 8. a3 Ba5 9. 0-0 Bf5 10. c4 dxc4 11. Bxc4 Qd6 12. Nc3 a6 13. Qb3 Be6 14. Bxe6 Rxe6 15. Ne2 Bb6 16. Nf4 Ree8 17. d4 Ne4 18. Rfd1 Rad8 19. Nd2 Nxd2 1/2-1/2

[Event "Amsterdam Science Park op-A 3rd"]
[Site "Amsterdam"]
[Date "2013.07.14"]
[Round "8"]
[White "Cheung, Jan W"]
[Black "Von Meijenfeldt, Bart"]
[Result "0-1"]
[WhiteElo "2079"]
[BlackElo "2184"]
[PlyCount "74"]
[EventDate "2013.07.06"]
[EventType "swiss"]
[EventRounds "9"]
[EventCountry "NED"]
[SourceTitle "CBM 155 Extra"]
[Source "ChessBase"]
[SourceDate "2013.08.26"]
[SourceVersion "1"]
[SourceVersionDate "2013.08.26"]
[SourceQuality "1"]

1. d4 Nf6 2. c4 g6 3. Nc3 Bg7 4. e4 d6 5. Nf3 0-0 6. Be2 e5 7. 0-0 Nc6 8. d5 Ne7 9. Ne1 Nd7 10. Be3 f5 11. f3 f4 12. Bf2 g5 13. a4 a5 14. Nd3 b6 15. b4 axb4 16. Nxb4 Nf6 17. Nc6 Qe8 18. Nb5 Qd7 19. Nca7 Bb7 20. a5 g4 21. axb6 g3 22. hxg3 fxg3 23. Bxg3 cxb6 24. Bf2 Ng6 25. Bxb6 Nf4 26. c5 N6h5 27. Nxd6 Qe7 28. Nf5 Rxf5 29. exf5 Qg5 30. Kf2 Qh4+ 31. Kg1 Qg3 32. Rf2 Nh3+ 33. Kh1 Nxf2+ 34. Kg1 Nh3+ 35. Kh1 N5f4 36. Bf1 Nf2+ 37. Kg1 N4h3# 0-1